01198cam a22003134a 4500999001700000001000900017005001700026008004100043010001700084020001500101040001800116042000800134043001200142050002400154082002500178245016400203260003800367300002600405440004300431504005400474650003100528650002000559700002000579700003900599710004100638906004500679942003700724952012300761 c28884d288841222721220170421092821.0001109s2001 dcu b i000 0 eng  a 00065482  a0821348825 aDLCcDLCdDLC apcc af-ug---00aLC158.U33bA38 200100a374/.0124/09676122100aAdult literacy programs in Uganda /cHuman Development, Africa Region, the World Bank ; evaluation team, Anthony Okech ... [et al.] ; Roy A. Carr-Hill, editor. aWashington :bWorld Bank,cc2001. axxi, 122 p. ;c28 cm. 0aAfrica Region human development series aIncludes bibliographical references (p. 119-122). 0aLiteracy programszUganda. 0aAdult Education1 aOkech, Anthony.1 aCarr-Hill, R. A.q(Roy A.),d1943-2 aWorld Bank.bAfrica Regional Office. a7bcbccorignewd2eocipf20gy-gencatlg 2lcccAFRICANAhLC158.U33A38 2001 00102lcc4070aMUCbMUCcAFRd2017-04-21ePurchasel0oAFR LC158.U33A38 2001p4947r2019-06-06w2017-04-21yAFRICANA